000 01210nam2a22002771 4500
001 v19\rc\1955711
005 20251118180942.8
035 _a(NLR Aleph) 005040129
090 _a6784421
_c6784421
100 _a20080428d1913 u y0rusy50 ca
101 0 _arus
102 _aRU
105 _ae z |||||
200 0 _a... за 1912 г.
_e(Год 2-й)
_fСост. секр. О-ва И. Придатко
210 _d1913
215 _a79 с., 1 л. пл.
461 0 _1001v19\rc\1955710
_12001#$aОтчет о деятельности Остапьевского общества сельского хозяйства...$v... за 1912 г.
_96784413
_aОстапьевское о-во сельского хозяйства (Хорольск. уезд)
_cХороль
_d1913-1915
_tОтчет о деятельности Остапьевского общества сельского хозяйства...
_v... за 1912 г.
702 1 _aПридатко
_bИ.С.
_gИван Степанович
_4220
801 0 _aRU
_bNLR
_gpsbo
801 0 _aRU
_bRuMoRGB
_2psbo
801 1 _aRU
_bProSoft-M
_2rusmarc
852 _aNLR
_j18.295.8.95(1)
899 _aRuMoRGB
_jU 70/97
899 _aБАН
942 _cBOOK
980 _aNB